000
00277nam a22001337a 4500
008
170405b xxu||||| |||| 00| 0 eng d
020
_a
79117B
041
_a
eng
080
_2
2ND
_a
574
100
_a
9
101
_a
SHM
245
_a
ENVIRONMENT
_c
WITHGOTT, J
942
_2
udc
_c
BK
999
_c
9693
_d
9693